| 000 | 01128nam a2200241 a 4500 | ||
|---|---|---|---|
| 001 | 000044946 | ||
| 005 | 20201002045743.0 | ||
| 008 | 150122s1983 vauabc 000 0 spa d | ||
| 020 | _a0911713018 | ||
| 040 |
_aDO-SdBNP _bspa _cBNPHU |
||
| 041 | 1 | 7 |
_aspa _2eng |
| 082 |
_axxxx _bxxxx |
||
| 100 | 1 |
_aMashek, Robert W. _972962 |
|
| 245 | 1 | 3 |
_aLa Fundación Interamericana en la República Dominicana : _buna década de apoyo a las Organizaciones de desarrollo locales = The Interamerican Foundation in the Dominican Republic : a decade of support for local development organizations / _cRobert W. Mashek y Stephen G. Vetter ; traductora Elizabeth E. Couts. |
| 246 | 1 | 0 | _aThe Interamerican Foundation in the Dominican Republic : a decade of support for local development organizations |
| 260 |
_aRosslyn, Virginia : _bFundación Interamericana, _c1983. |
||
| 300 |
_a41, [32], 43 p : _bil., mapas, retrs. ; _c21 cm. |
||
| 500 | _aIncluye datos biográficos de los autores | ||
| 504 | _aBibliografía : p. 40 | ||
| 546 | _aEspañol, Inglés. | ||
| 700 | 1 |
_aVetter, Stephen G. _972963 |
|
| 700 | 1 |
_aCouts, Elizabeth E. _etr. _972964 |
|
| 999 |
_c44435 _d44435 |
||